00515nam a22001577a 450000500170000000800410001702000150005804100240007308200150009710000520011224500690016425000190023326000470025230000330029965000250033220231109092016.0231109b |||||||| |||| 00| 0 eng d a0702130753 aEnglish / Afrikaans a346.2 HAW  aHawthorne, L and Lotz, JGlEnglish / Afrikaans  aContract Law Case Book for Students / cL Hawthorne and JG Lotz  aFirst Edition  aCape Town : bJuta and Company Ltd, c1994 bxii, 291 pages ; c25,5 cm.  aLegal practicebLaw